| 000 | 00523nam a2200205Ia 4500 | ||
|---|---|---|---|
| 008 | 170918s9999 xx 000 0 und d | ||
| 020 | _a590466399 | ||
| 050 | _bK655 1992 | ||
| 100 | _aKline, Suzy | ||
| 245 | _aHorrible Harry and the kickball wedding / | ||
| 245 | _cSuzy Kline ; pictures by Frank Remkiewicz. | ||
| 260 | _aNew York : | ||
| 260 | _bScholastic, | ||
| 260 | _c1992 | ||
| 300 | _a52 pages : | ||
| 300 | _bcolored illustration ; | ||
| 300 | _c19cm. | ||
| 440 | _aHorrible Harry. | ||
| 500 | _a510 | ||
| 999 |
_c341644 _d341644 |
||